|
|
|
|
| LEADER |
00862nam a22002652a 4500 |
| 001 |
001922190 |
| 003 |
CZ BrMZK |
| 005 |
20250123105759.0 |
| 007 |
ta |
| 008 |
250120s1900 xxk er|||||||||||eng d |
| 040 |
|
|
|a BOA001
|b cze
|e aacr2
|
| 072 |
|
7 |
|a 94(44/449.49)
|x Dějiny Francie a Monaka
|2 Konspekt
|9 8
|
| 080 |
|
|
|a (092)
|2 MRF
|
| 100 |
1 |
|
|a Rosebery, Archibald Philip Primrose
|4 aut
|
| 245 |
1 |
0 |
|a Napoleon :
|b the last phase /
|c by Lord Rosebery
|
| 250 |
|
|
|a 3rd impression
|
| 260 |
|
|
|a London :
|b Arthur L. Humphreys,
|c 1900
|
| 300 |
|
|
|a vi, 261 s.
|
| 600 |
0 |
7 |
|a Napoleon
|b I.,
|c francouzský císař,
|d 1769-1821
|7 jn20000604140
|2 czenas
|
| 655 |
|
7 |
|a biografie
|7 fd131909
|2 czenas
|
| 910 |
|
|
|a BOA001
|b 2-0202.337
|
| 990 |
|
|
|a BK
|
| 993 |
|
|
|a Y
|
| 991 |
|
|
|b 202501
|
| 996 |
6 |
|
|b 2618773465
|c 2-0202.337
|l MZK
|r Sklad / do 24 hodin
|n 0
|w 001991689
|u 000010
|a 1
|e BOA001
|j MZK50
|s P
|